Sports That Use a Ball - Sudden Death - Statistics

General Stats
  • This quiz has been taken 531 times
    474 since last reset
  • The average score is 12 of 20
Answers on the Grid
Answers color-coded by a green-red scale on the quiz's grid according to % correct below.
Basketball
Soccer
Bowling
Golf
Cricket
Squash
Field Hockey
Rugby
Tennis
Paddle Tennis
Lacrosse
Bocce
Ping Pong
Polo
Volleyball
Paint Ball
Marbles
Pool
Netball
Baseball
Badminton
Shot Put
Archery
Darts
Ultimate
Wrestling
Curling
Skying
Falconry
Ice hockey
 
Answer Stats
Answer % Correct
Tennis
75%
Volleyball
75%
Baseball
74%
Basketball
74%
Golf
73%
Ping Pong
73%
Soccer
72%
Bowling
71%
Cricket
65%
Lacrosse
63%
Rugby
60%
Netball
59%
Pool
56%
Paddle Tennis
55%
Field Hockey
51%
Polo
51%
Squash
47%
Shot Put
42%
Marbles
41%
Bocce
35%
No matching quizzes found
Score Distribution
Percent of People with Each Score
Percentile by Number Answered
Your Score History
You have not taken this quiz since the last reset